000 00426cam a2200181 4500
001 D2637
008 090401t1975 xxu||||| |||| 00| 0 eng d
035 _a(Sirsi) u70068
041 _aeng
050 _a526.9
110 _aCommonwealth Survey Officers
_92586
245 _aConference held at Cambridge 1975
260 _aLondon
_bHMSO
_c1975
300 _ac500p. 30cm
350 _a0
942 _n0
948 _c04/03/1997
999 _c95279
_d95279